20 Ways Not to Dwell on the 'Past' Quiz Stats

Quiz Updated Jun 5, 2017

Challenge
Share
Tweet
Embed
Score 0/20 Timer 01:30
3 Plays Today
% Correct
Last
96.8%
Cast
96.2%
Mast
96.2%
Fast
95.4%
Post
93.2%
Pest
92.9%
Bast
89.9%
Hast
86.8%
Gast
85.3%
East
80.6%
% Correct
Vast
79.1%
Wast
76.7%
Part
76.1%
Pant
65.9%
Pase
65%
Pass
59%
Oast
56.5%
Pact
55.4%
Pash
53.6%
Psst
36.8%

You're not logged in!

Compare scores with friends on all Sporcle quizzes.
Sign Up with Email
OR
Log In

You Might Also Like...

Show Comments

Extras

Top Quizzes Today


Score Distribution

Your Account Isn't Verified!

In order to create a playlist on Sporcle, you need to verify the email address you used during registration. Go to your Sporcle Settings to finish the process.

Report this User

Report this user for behavior that violates our Community Guidelines.

Details: